Corpus linguistics : (Record no. 22492)

MARC details
000 -LEADER
fixed length control field 05422cam a22003615a 4500
001 - CONTROL NUMBER
control field 15164613
003 - CONTROL NUMBER IDENTIFIER
control field EG-ScBUE
005 - DATE AND TIME OF LATEST TRANSACTION
control field 20220419123717.0
008 - FIXED-LENGTH DATA ELEMENTS--GENERAL INFORMATION
fixed length control field 080201r20052004enka f b 001 0 eng d
020 ## - INTERNATIONAL STANDARD BOOK NUMBER
International Standard Book Number 082648803X
020 ## - INTERNATIONAL STANDARD BOOK NUMBER
International Standard Book Number 9780826488039
040 ## - CATALOGING SOURCE
Original cataloging agency DLC
Language of cataloging eng
Description conventions rda
Transcribing agency DLC
Modifying agency EG-ScBUE
082 04 - DEWEY DECIMAL CLASSIFICATION NUMBER
Edition number 22
Classification number 410.285
Item number COR
245 00 - TITLE STATEMENT
Title Corpus linguistics :
Remainder of title readings in a widening discipline /
Statement of responsibility, etc edited by Geoffrey Sampson and Diana McCarthy.
250 ## - EDITION STATEMENT
Edition statement Paperback ed.
264 ## - PUBLICATION, DISTRIBUTION, ETC. (IMPRINT)
Place of publication, distribution, etc London :
Name of publisher, distributor, etc Continuum,
Date of publication, distribution, etc 2005.
300 ## - PHYSICAL DESCRIPTION
Extent xiv, 524 pages :
Other physical details illustrations ;
Dimensions 25 cm.
336 ## - CONTENT TYPE
Source rdacontent
Content type term text
Content type code txt
337 ## - MEDIA TYPE
Source rdamedia
Media type term unmediated
Media type code n
338 ## - CARRIER TYPE
Source rdacarrier
Carrier type term volume
Carrier type code nc
490 0# - SERIES STATEMENT
Series statement Open linguistics series
500 ## - GENERAL NOTE
General note Papers, some rev., previously published in various sources, 1952-2002.
504 ## - BIBLIOGRAPHY, ETC. NOTE
Bibliography, etc Includes bibliographical references and index.<br/>
505 ## - FORMATTED CONTENTS NOTE
Formatted contents note 1. Introduction -- 2. From The Structure of English (1952) Charles Carpenter Fries -- 3. A Standard Corpus of Edited Present -day American English (1965) W. Nelson Francis -- 4. On the Distribution of Noun-phrase Types in English Clause-structure (1971) F.G.A.M. Aarts -- 5. Predicting Text Segmentation into Tone Units (1986) Bengt Altenberg -- 6. Typicality and Meaning Potentials (1986) Patrick Hanks -- 7. Historical Drift in Three English Genres (1987) Douglas Biber and Edward; Finegan -- 8. Corpus Creation (1987) John Sinclair -- 9. Cleft and Pseudo-cleft Constructions in English Spoken and Written Discourse (1987) Peter C. Collins -- 10. What is Wrong with Adding One? (1989) William Gale and Kenneth Church -- 11. A Statistical Approach to Machine Translation (1990) Peter F. Brown, et al. -- 12. A Point of Verb Syntax in South-western British English: An Analysis of a Dialect Continuum (1991) Ossl lhalainen -- 13. Using Corpus Data in the Swedish Academy Grammar (1991) Staffan Hellberg -- 14. On the History of That/Zero as Object Clause Links in English (1991) Matti Rissanen -- 15. Encoding the British National Corpus (1992) Gavin Burnage and Dominic Dunlop -- 16. Computer Corpora - What Do They Tell Us about Culture? (1992) Geoffrey Leech and Roger Fallon -- 17. Representativeness in Corpus Design (1992) Douglas Biber -- 18. A Corpus-driven Approach to Grammar: Principles, Methods and Examples (1993) Gill Francis -- 19. Structural Ambiguity and Lexical Relations (1993) Donald Hindle and Mats Rooth -- 20. Irony in the Text or Insincerity in the Writer? The Diagnostic Potential of Semantic Prosodies (1993) William Louw -- 21. Building a Large Annotated Corpus of English: The Penn Treebank (1993) Mitchell P. Marcus, et al. -- 22. Automatically Extracting Collocations from Corpora for Language Learning (1994) Kenji Kita, et al. -- 23. Developing and Evaluating a Probabilistic LR Parser of Part-of-Speech and Punctuation Labels (1995) E.J. Briscoe and J.A. Carroll -- 24. Why a Fiji Corpus? (1996) Jan Tent and France Mugler -- 25. Treebank Grammars (1996) Eugene Charniak -- 26. English Corpus Linguistics and the Foreign Language Teaching Syliabus (1996) Dieter Mindt -- 27. Data-oriented Language Processing: An Overview (1996) L.W.M. Bod and R.J.H. Scha -- 28. Conflict Talk: A Comparison of the Verbal Disputes between Adolescent Females in Two Corpora (1996) Ingrid Kristine Hasund and Anna-Brita Stenstrom -- 29. Assessing Agreement on Classification Tasks: The Kappa Statistic (1996) Jean Carletta -- 30. Linguistic and Interactional Features of Internet Relay Chat (1996) Christopher C. Werry -- 31. Distinguishing Systems and Distinguishing Senses: New Evaluation Methods for Word Sense Disambiguation (1997) Philip Resnik and David Yarowsky -- 32. Qualification and Certainty in L1 and L2 Students' Writing (1997) Kenneth Hyland and John Milton -- 33. Analysing and Predicting Patterns of DAMSL Utterance Tags (1998) Mark G. Core -- 34. Assessing Claims about Language Use with Corpus Data - Swearing and Abuse (1998) Anthony McEnery, et al. -- 35. The Syntax of Disfluency in Spontaneous Spoken Language (1998) David McKelvie -- 36. The Use of Large Text Corpora for Evaluating Text-to-Text Speech Systems (1998) Louis C.W. Pols et al. -- 37. The Prague Dependency Treebank: How Much of the Underlying Syntactic Structure can be Tagged Automaticaly? (1999) Alena Bohmova and Eva Hajicova -- 38. Reflections of a Dendrographer (1999) Geoffrey Sampson -- 39. A Generic Approach to Software Support for Linguistic Annotation Using XML (2000) Jean Carletta, et al. --<br/>40. Europe's Ignored Languages (2001) Anthony McEnery --<br/>41. Semi-automatic Tagging of Intonation in French Spoken Corpora (2001) Estelle Campione and Jean Veronis --<br/>42. Web as Corpus (2001) Adam Kilgarriff -- 43. Intonational Variation in the British Isles (2002) Esther Grabe and Brechtje Post<br/>
520 ## - SUMMARY, ETC.
Summary, etc These days, corpora are being used to advance nearly every aspect of language study, from computer processing techniques to literary stylistics and improved language-teaching methods. This title seeks to provide a complete catalogue of a given language, and to use this data to test language hypotheses.
650 #7 - SUBJECT ADDED ENTRY--TOPICAL TERM
Topical term or geographic name as entry element Computational linguistics.
Source of heading or term BUEsh
9 (RLIN) 4459
651 ## - SUBJECT ADDED ENTRY--GEOGRAPHIC NAME
Source of heading or term BUEsh
653 ## - INDEX TERM--UNCONTROLLED
Resource For college Humanities: English
Arrived date list October2016
655 ## - INDEX TERM--GENRE/FORM
Form subdivision Reading book
9 (RLIN) 34232
700 1# - ADDED ENTRY--PERSONAL NAME
Personal name Sampson, Geoffrey‏,
Relator term editor.
9 (RLIN) 41404
700 1# - ADDED ENTRY--PERSONAL NAME
Personal name McCarthy, Diana‏,
Relator term editor.
9 (RLIN) 41405
942 ## - ADDED ENTRY ELEMENTS (KOHA)
Source of classification or shelving scheme Dewey Decimal Classification
Edition 22
Call number prefix 410.285 COR
Koha item type Book - Borrowing
Holdings
Withdrawn status Lost status Source of classification or shelving scheme Damaged status Not for loan Collection code Home library Current library Shelving location Date acquired Source of acquisition Cost, normal purchase price Serial Enumeration / chronology Total Checkouts Full call number Barcode Date last seen Cost, replacement price Price effective from Koha item type
    Dewey Decimal Classification     Baccah Central Library Central Library Second Floor 10/10/2016 Purchase 409.00 26103   410.285 COR 000033490 15/07/2025 512.00 10/10/2016 Book - Borrowing